The Influence of Religiosity on the Intention of United States Muslim Tourists to Choose a Shariah Compliant Hotel (Record no. 598)

MARC details
000 -LEADER
fixed length control field 00973nam a22002657a 4500
001 - CONTROL NUMBER
control field 03212
003 - CONTROL NUMBER IDENTIFIER
control field HDC
007 - PHYSICAL DESCRIPTION FIXED FIELD--GENERAL INFORMATION
fixed length control field cr bn ---
008 - FIXED-LENGTH DATA ELEMENTS--GENERAL INFORMATION
fixed length control field 210104b20132013xxu||||| |||| 00| 0 eng d
040 ## - CATALOGING SOURCE
Original cataloging agency HDC
100 ## - MAIN ENTRY--PERSONAL NAME
Personal name Shakona, Maloud Yousif
Relator term author
9 (RLIN) 2185
245 #4 - TITLE STATEMENT
Title The Influence of Religiosity on the Intention of United States Muslim Tourists to Choose a Shariah Compliant Hotel
Statement of responsibility, etc. / Maloud Yousif Shakona
260 ## - PUBLICATION, DISTRIBUTION, ETC.
Place of publication, distribution, etc. United States:
Name of publisher, distributor, etc. Clemson University,
Date of publication, distribution, etc. 2013
300 ## - PHYSICAL DESCRIPTION
Extent 1 online resource (236 pages)
336 ## - CONTENT TYPE
Content type term text
Source rdacontent
337 ## - MEDIA TYPE
Media type term computer
Source rdamedia
338 ## - CARRIER TYPE
Carrier type term online resource
Source rdacarrier
500 ## - GENERAL NOTE
General note Originally presented as: Thesis (Ph. D.)--Clemson University, 2013 (xii, 223 pages)
-- Includes bibliographical references
650 ## - SUBJECT ADDED ENTRY--TOPICAL TERM
Topical term or geographic name entry element Hospitality industry
Geographic subdivision United States
9 (RLIN) 2186
650 ## - SUBJECT ADDED ENTRY--TOPICAL TERM
Topical term or geographic name entry element Tourism
General subdivision Religious aspects
-- Islam
9 (RLIN) 633
710 ## - ADDED ENTRY--CORPORATE NAME
Corporate name or jurisdiction name as entry element Clemson University
Relator term issuing body
942 ## - ADDED ENTRY ELEMENTS (KOHA)
Source of classification or shelving scheme Library of Congress Classification
942 ## - ADDED ENTRY ELEMENTS (KOHA)
Koha item type Thesis
942 ## - ADDED ENTRY ELEMENTS (KOHA)
Call number prefix THES 000109
Holdings
Withdrawn status Lost status Source of classification or shelving scheme Damaged status Not for loan Home library Current library Shelving location Date acquired Total checkouts Full call number Date last seen Price effective from Koha item type
    Library of Congress Classification     Halal Development Corporation Library Halal Development Corporation Library Open Shelves 24/05/2023   THES 000109 24/05/2023 24/05/2023 Thesis
Halal Development Corporation Berhad (HDC)
5.02 Level 5, KPMG Tower, First Avenue, Persiaran Bandar Utama, 47800 Petaling Jaya, Selangor Darul Ehsan
Phone: +603 7965 5489 Email: [email protected]